[Event "Konakovo"]
[Site "Konakovo"]
[Date "2012.03.13"]
[Round "12"]
[White "Tokarzhevskiy, Aleksey"]
[Black "Lukash, Nikolay"]
[Result "0-1"]
[WhiteElo "1941"]
[BlackElo "2139"]
[PlyCount "90"]
[EventDate "2012.03.02"]
[EventType "tourn"]
[EventRounds "13"]
[EventCountry "RUS"]
[SourceTitle "EXT 2014"]
[Source "ChessBase"]
[SourceDate "2013.11.20"]
[SourceVersion "1"]
[SourceVersionDate "2013.11.20"]
[SourceQuality "1"]

1. e4 e5 2. Nf3 Nc6 3. Bb5 Bc5 4. c3 Qf6 5. 0-0 Nge7 6. d4 exd4 7. e5 Nxe5 8. Nxe5 Qxe5 9. Re1 Qf6 10. Qh5 Bd6 11. Bd3 h6 12. h4 g6 13. Qg4 Bc5 14. Nd2 d5 15. Qe2 dxc3 16. Nb3 Bd6 17. g3 Bf5 18. Bxf5 gxf5 19. Qb5+ Kf8 20. Nc5 Bxc5 21. Qxc5 c6 22. bxc3 b6 23. Qa3 c5 24. Bf4 Ng6 25. Qc1 Kg7 26. Rd1 Rad8 27. Rd3 Ne5 28. Re3 Ng4 29. Re1 Rhe8 30. f3 Ne5 31. Bxe5 Rxe5 32. Qf4 Rde8 33. Qd2 Qe6 34. Red1 Re3 35. Qxd5 Qxd5 36. Rxd5 Rxf3 37. c4 Rxg3+ 38. Kf2 f4 39. Rf5 Re4 40. Re1 Rxe1 41. Kxe1 Re3+ 42. Kd2 Re4 43. Kd3 Rd4+ 44. Kc3 f6 45. h5 Kf7 0-1

[Event "Konakovo Rating"]
[Site "Konakovo"]
[Date "2009.02.12"]
[Round "10"]
[White "Nazarov, Valeriy"]
[Black "Lukash, Nikolay"]
[Result "1-0"]
[WhiteElo "2222"]
[BlackElo "2086"]
[PlyCount "73"]
[EventDate "2009.02.02"]
[EventType "tourn"]
[EventRounds "12"]
[EventCountry "RUS"]
[SourceTitle "EXT 2022"]
[Source "ChessBase"]
[SourceDate "2021.10.06"]
[SourceVersion "1"]
[SourceVersionDate "2021.10.06"]
[SourceQuality "1"]

1. e4 e5 2. Nf3 Nc6 3. Bb5 Bc5 4. 0-0 Nge7 5. c3 a6 6. Ba4 b5 7. Bb3 Ng6 8. d4 Be7 9. Nxe5 Ncxe5 10. dxe5 Bb7 11. f4 Bc5+ 12. Kh1 Bxe4 13. Bd5 Bxd5 14. Qxd5 Bb6 15. f5 Ne7 16. Qf3 Ng8 17. Bg5 f6 18. Bh4 Ra7 19. Nd2 d5 20. Rae1 Kf8 21. exf6 gxf6 22. Re6 c5 23. Rfe1 Rd7 24. Qh5 Rf7 25. Bg3 Re7 26. h3 Kg7 27. Nf3 Rxe6 28. Qg4+ Kf8 29. Rxe6 Bc7 30. Bxc7 Qxc7 31. Rxa6 Kf7 32. Ra8 Qb7 33. Qh5+ Kg7 34. Qe8 Kh6 35. Qf8+ Qg7 36. Qxc5 Qd7 37. Qe3+ 1-0

[Event "Konakovo Rating"]
[Site "Konakovo"]
[Date "2009.02.08"]
[Round "6"]
[White "Milutin, Lev"]
[Black "Lukash, Nikolay"]
[Result "1/2-1/2"]
[WhiteElo "2048"]
[BlackElo "2086"]
[PlyCount "93"]
[EventDate "2009.02.02"]
[EventType "tourn"]
[EventRounds "12"]
[EventCountry "RUS"]
[SourceTitle "EXT 2022"]
[Source "ChessBase"]
[SourceDate "2021.10.06"]
[SourceVersion "1"]
[SourceVersionDate "2021.10.06"]
[SourceQuality "1"]

1. d4 d5 2. c4 e6 3. a3 Nf6 4. Nc3 c6 5. e3 Bd6 6. Nf3 0-0 7. Bd3 Nbd7 8. 0-0 e5 9. dxe5 Nxe5 10. cxd5 Nxd3 11. Qxd3 cxd5 12. h3 Be6 13. b4 Rc8 14. Bb2 Bb8 15. Ne2 Ne4 16. Qd4 f6 17. Rac1 Qd6 18. Nf4 Bf7 19. Rfd1 Rxc1 20. Rxc1 g5 21. Ne2 h5 22. Nc3 Nxc3 23. Bxc3 Bg6 24. g3 Kf7 25. Bb2 Rg8 26. Nd2 h4 27. Nf1 hxg3 28. fxg3 Rh8 29. Qg4 Bh5 30. Qf5 Be2 31. Qf2 Bb5 32. Kg2 Bd7 33. g4 d4 34. e4 Bb5 35. Ng3 Rd8 36. Rc5 Bc6 37. Rf5 Qxg3+ 38. Qxg3 Bxg3 39. Kxg3 Bxe4 40. Rf2 Rc8 41. Bxd4 Rc6 42. Bxa7 Rc3+ 43. Kh2 Rxa3 44. Bd4 Bf3 45. Bxf6 Kg6 46. Be7 Re3 47. Bc5 1/2-1/2

[Event "Konakovo Rating"]
[Site "Konakovo"]
[Date "2009.02.04"]
[Round "3"]
[White "Lukash, Nikolay"]
[Black "Matveev, Aleksandr"]
[Result "1-0"]
[WhiteElo "2086"]
[BlackElo "2114"]
[PlyCount "89"]
[EventDate "2009.02.02"]
[EventType "tourn"]
[EventRounds "12"]
[EventCountry "RUS"]
[SourceTitle "EXT 2022"]
[Source "ChessBase"]
[SourceDate "2021.10.06"]
[SourceVersion "1"]
[SourceVersionDate "2021.10.06"]
[SourceQuality "1"]

1. e4 c6 2. d4 d5 3. Nd2 dxe4 4. Nxe4 Bf5 5. Ng3 Bg6 6. Nf3 Nd7 7. Bc4 e6 8. 0-0 Ngf6 9. Bg5 Be7 10. c3 0-0 11. Re1 Nd5 12. Bxe7 Nxe7 13. h4 h6 14. Qe2 Nf5 15. Nxf5 Bxf5 16. Qe3 Bg4 17. g3 Qf6 18. Nh2 Bh5 19. Bd3 Rfe8 20. g4 Bg6 21. g5 hxg5 22. hxg5 Qe7 23. Bxg6 fxg6 24. Ng4 Rf8 25. Kg2 Rf5 26. Qxe6+ Qxe6 27. Rxe6 Rxg5 28. Kg3 Nf6 29. f3 Rf8 30. Rae1 Rf5 31. Ne5 Nh5+ 32. Kf2 g5 33. Re7 g4 34. Rxb7 g3+ 35. Kg2 Rg5 36. Ng4 Ra5 37. a3 Raf5 38. Re3 a5 39. Re5 Kh7 40. Rb6 g6 41. Re7+ Kh8 42. Rbb7 Nf4+ 43. Kxg3 Rh5 44. Nf6 Rh3+ 45. Kg4 1-0